Boomtown / (Record no. 589097)
[ view plain ]
| 000 -LEADER | |
|---|---|
| fixed length control field | 01207cam a2200361 a 4500 |
| 001 - CONTROL NUMBER | |
| control field | 4867723 |
| 003 - CONTROL NUMBER IDENTIFIER | |
| control field | NUST |
| 005 - DATE AND TIME OF LATEST TRANSACTION | |
| control field | 20220411131022.0 |
| 008 - FIXED-LENGTH DATA ELEMENTS--GENERAL INFORMATION | |
| fixed length control field | 920130r19921987ilu 000 1 eng |
| 010 ## - LIBRARY OF CONGRESS CONTROL NUMBER | |
| LC control number | 92007012 |
| 020 ## - INTERNATIONAL STANDARD BOOK NUMBER | |
| International Standard Book Number | 0842377891 : |
| Terms of availability | $7.95 (est.) |
| 038 ## - RECORD CONTENT LICENSOR | |
| Staff Name | waseem |
| 040 ## - CATALOGING SOURCE | |
| Original cataloging agency | DLC |
| Transcribing agency | DLC |
| Modifying agency | DLC |
| -- | OCoLC |
| -- | DLC |
| 043 ## - GEOGRAPHIC AREA CODE | |
| Geographic area code | n-us-nv |
| 050 00 - LIBRARY OF CONGRESS CALL NUMBER | |
| Classification number | PS3563.O8742 |
| Item number | B6 1992 |
| 082 00 - DEWEY DECIMAL CLASSIFICATION NUMBER | |
| Classification number | 813.54 |
| Author Mark | MOR |
| 100 1# - MAIN ENTRY--PERSONAL NAME | |
| Personal name | Morris, Gilbert. |
| 9 (RLIN) | 90907 |
| 240 10 - UNIFORM TITLE | |
| Uniform title | Vigilante |
| 245 10 - TITLE STATEMENT | |
| Title | Boomtown / |
| Statement of responsibility, etc. | Gilbert Morris. |
| 260 ## - PUBLICATION, DISTRIBUTION, ETC. | |
| Place of publication, distribution, etc. | Wheaton, Ill. : |
| Name of publisher, distributor, etc. | Tyndale House, |
| Date of publication, distribution, etc. | [1992], c1987. |
| 300 ## - PHYSICAL DESCRIPTION | |
| Extent | 287 p. ; |
| Dimensions | 21 cm. |
| 490 1# - SERIES STATEMENT | |
| Series statement | Reno western saga ; |
| Volume/sequential designation | 4 |
| 500 ## - GENERAL NOTE | |
| General note | Previously published as: The vigilante. 1987. |
| 563 ## - BINDING INFORMATION | |
| Binding note | PBK. |
| 650 #0 - SUBJECT ADDED ENTRY--TOPICAL TERM | |
| Topical term or geographic name entry element | Reno, Jim (Fictitious character) |
| General subdivision | Fiction. |
| 9 (RLIN) | 90908 |
| 651 #0 - SUBJECT ADDED ENTRY--GEOGRAPHIC NAME | |
| Geographic name | Virginia City (Nev.) |
| General subdivision | Fiction. |
| 9 (RLIN) | 90909 |
| 655 #7 - INDEX TERM--GENRE/FORM | |
| Genre/form data or focus term | Christian fiction. |
| Source of term | gsafd |
| 9 (RLIN) | 8056 |
| 655 #7 - INDEX TERM--GENRE/FORM | |
| Genre/form data or focus term | Western stories. |
| Source of term | gsafd |
| 9 (RLIN) | 90271 |
| 800 1# - SERIES ADDED ENTRY--PERSONAL NAME | |
| Personal name | Morris, Gilbert. |
| Title of a work | Reno western saga ; |
| Volume/sequential designation | 4. |
| 9 (RLIN) | 90910 |
| 906 ## - LOCAL DATA ELEMENT F, LDF (RLIN) | |
| a | 7 |
| b | cbc |
| c | orignew |
| d | 1 |
| e | ocip |
| f | 19 |
| g | y-gencatlg |
| 942 ## - ADDED ENTRY ELEMENTS (KOHA) | |
| Source of classification or shelving scheme | |
| Koha item type | Book |
| Withdrawn status | Lost status | Source of classification or shelving scheme | Damaged status | Not for loan | Permanent Location | Current Location | Shelving location | Date acquired | Source of acquisition | Total Checkouts | Full call number | Barcode | Date last seen | Date last checked out | Price effective from | Koha item type |
|---|---|---|---|---|---|---|---|---|---|---|---|---|---|---|---|---|
| Central Library (CL) | Central Library (CL) | Fiction | 04/11/2022 | Donation | 1 | 813.54 MOR | CL-D-1611 | 01/03/2024 | 12/21/2023 | 04/11/2022 | Book |
